[Event "Negombo op 3rd"]
[Site "Negambo"]
[Date "2017.08.24"]
[Round "9"]
[White "Dissanayake, Praveen Manodya"]
[Black "Gimhani, H Shashipraba"]
[Result "0-1"]
[WhiteElo "1134"]
[BlackElo "1492"]
[PlyCount "116"]
[EventDate "2017.08.20"]
[EventType "swiss"]
[EventRounds "10"]
[EventCountry "SRI"]
[SourceTitle "CBM 180 Extra"]
[Source "ChessBase"]
[SourceDate "2017.10.06"]
[SourceVersion "1"]
[SourceVersionDate "2017.10.06"]
[SourceQuality "1"]

1. e4 g6 2. d4 Bg7 3. Nf3 d6 4. h3 Nf6 5. Bd3 Nc6 6. c3 e5 7. d5 Ne7 8. Be3 0-0 9. Nbd2 h6 10. Nb3 Nexd5 11. exd5 e4 12. Bxe4 Nxe4 13. Qd3 Bf5 14. Qe2 Nxc3 15. Qc4 b5 16. Qh4 g5 17. Qh5 Bg6 18. Qg4 Nxd5 19. Bd4 Qe8+ 20. Kf1 f5 21. Qg3 f4 22. Qh2 Bxd4 23. Nfxd4 Bd3+ 24. Kg1 Qe5 25. h4 Rae8 26. Qh3 Bf5 27. Nxf5 Qxf5 28. Qxf5 Rxf5 29. Nd4 Rfe5 30. Nxb5 Re1+ 31. Rxe1 Rxe1+ 32. Kh2 Re2 33. Rb1 a6 34. Nd4 Rxf2 35. hxg5 hxg5 36. Kg1 Rd2 37. Nf3 Rc2 38. Nxg5 Ne3 39. Ne6 Nxg2 40. Nd4 Rd2 41. Nf3 Re2 42. Kf1 Rc2 43. Nd4 Ne3+ 44. Ke1 Rh2 45. Rc1 c5 46. Nf3 Rxb2 47. Nd2 Rxa2 48. Ke2 c4 49. Ke1 d5 50. Ke2 d4 51. Ke1 c3 52. Nf3 Nf5 53. Rd1 c2 54. Rc1 Ra3 55. Ke2 d3+ 56. Kd2 Ng3 57. Ke1 Rb3 58. Nd4 Rb1 0-1

[Event "SRI-chB (Women)"]
[Site "Colombo"]
[Date "2016.03.21"]
[Round "9"]
[White "Gimhani, H Shashipraba"]
[Black "Kanakarathne, S Nevinka De Silva"]
[Result "1/2-1/2"]
[WhiteElo "1549"]
[BlackElo "1432"]
[PlyCount "128"]
[EventDate "2016.03.12"]
[EventType "swiss"]
[EventRounds "10"]
[EventCountry "SRI"]
[SourceTitle "CBM 171 Extra"]
[Source "ChessBase"]
[SourceDate "2016.04.26"]
[SourceVersion "1"]
[SourceVersionDate "2016.04.26"]
[SourceQuality "1"]

1. c4 e5 2. Nc3 Nc6 3. g3 Nf6 4. Bg2 Bc5 5. d3 a6 6. Nf3 h6 7. a3 d6 8. b4 Ba7 9. Rb1 Bb6 10. 0-0 0-0 11. Nd2 Rb8 12. Na4 Ba7 13. c5 Be6 14. Nb3 Bd5 15. e4 Be6 16. h3 b6 17. cxb6 cxb6 18. Nc3 b5 19. Qe1 Qc8 20. Kh2 Nd4 21. Nxd4 Bxd4 22. Ne2 Ba2 23. Bd2 Bxb1 24. Qxb1 Bb6 25. f4 Qc7 26. fxe5 dxe5 27. Bxh6 gxh6 28. Rxf6 Kg7 29. Qf1 Qe7 30. Rf5 Rbd8 31. Qf3 Rd6 32. g4 Rf6 33. Ng3 Rg6 34. Bf1 Kh8 35. Be2 Bd8 36. d4 exd4 37. Qd3 Bc7 38. Qxd4+ f6 39. h4 Qd6 40. Qc3 Qxg3+ 41. Qxg3 Bxg3+ 42. Kxg3 Rg7 43. e5 Rgf7 44. exf6 Rxf6 45. Rc5 Rf2 46. Re5 R2f6 47. Bd1 Rd8 48. Bc2 Rc8 49. Bf5 Rc3+ 50. Kf4 Rxa3 51. Re7 Rb3 52. g5 hxg5+ 53. Kxg5 Rd6 54. Re8+ Kg7 55. Re7+ Kf8 56. Re4 Rd5 57. Kg4 Rbd3 58. Rf4 R3d4 59. Be4+ Kg7 60. Bxd5 Rxd5 61. h5 Rd6 62. Re4 Kh6 63. Kh4 Rc6 64. Rg4 Rd6 1/2-1/2

[Event "SRI-chB (Women)"]
[Site "Colombo"]
[Date "2016.03.20"]
[Round "7"]
[White "Gimhani, H Shashipraba"]
[Black "Wijesuriya, GPY"]
[Result "0-1"]
[WhiteElo "1549"]
[BlackElo "1421"]
[PlyCount "66"]
[EventDate "2016.03.12"]
[EventType "swiss"]
[EventRounds "10"]
[EventCountry "SRI"]
[SourceTitle "CBM 171 Extra"]
[Source "ChessBase"]
[SourceDate "2016.04.26"]
[SourceVersion "1"]
[SourceVersionDate "2016.04.26"]
[SourceQuality "1"]

1. c4 e5 2. Nc3 f5 3. g3 Nf6 4. Bg2 Nc6 5. e3 Bb4 6. a3 Bxc3 7. bxc3 0-0 8. Ne2 d6 9. d3 Be6 10. 0-0 e4 11. Nd4 Qe8 12. Rb1 Ne5 13. Nxe6 Qxe6 14. dxe4 fxe4 15. Rxb7 Qxc4 16. Qd4 c5 17. Qxd6 Nf7 18. Qf4 Rfe8 19. Rd1 Qe2 20. Rf1 Qc4 21. f3 Qd5 22. Rb5 Nd6 23. fxe4 Nfxe4 24. Rb1 Rf8 25. Qg4 Rxf1+ 26. Bxf1 Rf8 27. Bg2 Qf7 28. Bb2 Qf2+ 29. Kh1 Qc2 30. Qe6+ Kh8 31. Qa2 Nf2+ 32. Kg1 Nd1 33. c4 Rf1+ 0-1

[Event "SRI-chB (Women)"]
[Site "Colombo"]
[Date "2016.03.12"]
[Round "1"]
[White "Gimhani, H Shashipraba"]
[Black "Rathnayake, Nevindi Gihansa"]
[Result "1/2-1/2"]
[WhiteElo "1549"]
[BlackElo "1263"]
[PlyCount "52"]
[EventDate "2016.03.12"]
[EventType "swiss"]
[EventRounds "10"]
[EventCountry "SRI"]
[SourceTitle "CBM 171 Extra"]
[Source "ChessBase"]
[SourceDate "2016.04.26"]
[SourceVersion "1"]
[SourceVersionDate "2016.04.26"]
[SourceQuality "1"]

1. e4 e5 2. Nf3 Nc6 3. d4 exd4 4. Nxd4 Nf6 5. Nc3 Bb4 6. Nxc6 bxc6 7. Bd3 d5 8. 0-0 Bxc3 9. bxc3 Nxe4 10. f3 Nd6 11. Re1+ Be6 12. Qe2 0-0 13. Ba3 Re8 14. Qf2 a5 15. Rab1 d4 16. cxd4 Bxa2 17. Rxe8+ Qxe8 18. Re1 Qd7 19. Qh4 h6 20. Re7 Qd8 21. Bxd6 cxd6 22. Qe4 Kf8 23. Rb7 Qe8 24. Qh7 Qe3+ 25. Kf1 Qc1+ 26. Kf2 Qd2+ 1/2-1/2

[Event "World School-ch U17 Girls 8th"]
[Site "Iasi"]
[Date "2012.05.02"]
[Round "5"]
[White "Gimhani, H Shashipraba"]
[Black "Bolanos Calvache, Brigeth Vanessa"]
[Result "1/2-1/2"]
[WhiteElo "1629"]
[BlackElo "1752"]
[PlyCount "84"]
[EventDate "2012.04.28"]
[EventType "swiss"]
[EventRounds "9"]
[EventCountry "ROU"]
[SourceTitle "EXT 2013"]
[Source "ChessBase"]
[SourceDate "2012.11.22"]
[SourceVersion "1"]
[SourceVersionDate "2012.11.22"]
[SourceQuality "1"]

1. e4 c5 2. Nf3 d6 3. c3 Nf6 4. h3 Nbd7 5. Bd3 e6 6. Bc2 Be7 7. 0-0 Qc7 8. d4 b6 9. d5 e5 10. Ne1 Ba6 11. Bd3 c4 12. Bc2 Nc5 13. Nd2 0-0 14. f4 Nfd7 15. f5 Bg5 16. Qg4 Qd8 17. f6 Be3+ 18. Kh1 Nxf6 19. Qe2 Bf4 20. Nxc4 Bxc1 21. Rxc1 Rc8 22. b3 Bxc4 23. bxc4 Ncd7 24. Bd3 Re8 25. Nc2 Nb8 26. Ne3 g6 27. Qf3 Nbd7 28. Rf2 Qe7 29. Rcf1 Kg7 30. Ng4 Nxg4 31. Qxf7+ Kh8 32. hxg4 Qh4+ 33. Kg1 Qe7 34. g3 Nc5 35. Bc2 Rc7 36. Qxe7 Rcxe7 37. Rf6 Rd7 38. g5 Red8 39. R1f2 Rc7 40. Kf1 Kg7 41. Ke2 Re7 42. Ke3 Red7 1/2-1/2

[Event "World School-ch U17 Girls 8th"]
[Site "Iasi"]
[Date "2012.05.01"]
[Round "4"]
[White "Sonfalean, Maria Laura"]
[Black "Gimhani, H Shashipraba"]
[Result "0-1"]
[WhiteElo "1627"]
[BlackElo "1629"]
[PlyCount "62"]
[EventDate "2012.04.28"]
[EventType "swiss"]
[EventRounds "9"]
[EventCountry "ROU"]
[SourceTitle "EXT 2013"]
[Source "ChessBase"]
[SourceDate "2012.11.22"]
[SourceVersion "1"]
[SourceVersionDate "2012.11.22"]
[SourceQuality "1"]

1. e4 c5 2. Nf3 d6 3. d4 cxd4 4. Nxd4 Nf6 5. Nc3 a6 6. Be2 e5 7. Nb3 Be6 8. 0-0 Be7 9. Be3 0-0 10. Kh1 b5 11. a3 Nc6 12. f4 b4 13. axb4 Nxb4 14. Nd2 exf4 15. Bxf4 d5 16. exd5 Nbxd5 17. Nxd5 Nxd5 18. Rxa6 Rxa6 19. Bxa6 Nxf4 20. Rxf4 Bg5 21. Rf2 Qb6 22. Qf1 Be3 23. Re2 Bg4 24. Nf3 Qxa6 25. Qe1 Bc5 26. Re5 Bd6 27. Ra5 Qb6 28. Ra2 Bxf3 29. gxf3 h6 30. c4 Qb3 31. Ra6 Qxf3+ 0-1